Music Quiz

Random Music or Clickable Quiz

1980s Lyric Match VI Quiz Stats

Quiz Updated Feb 21, 2016

Challenge
Share
Tweet
Embed
Score 0/24 Timer 07:00
0 Plays Today
% Correct
Total Eclipse of the Heart
78.9%
The Lady in Red
73.6%
Sharp Dressed Man
72.5%
Pac-Man Fever
71%
Puttin' on the Ritz
69.7%
Welcome to the Jungle
68.7%
Our House
65.6%
1999
65.6%
Can't Fight This Feeling
61.8%
Hungry Eyes
61.8%
Walking on Sunshine
59.9%
Land of Confusion
57.4%
% Correct
Fast Car
57.3%
Into the Groove
56.6%
Always Something There to Remind Me
54.3%
Harden My Heart
54.1%
If You Leave
51%
Enjoy the Silence
46.6%
Drive
46.2%
True
43.9%
Young Turks
40.9%
Lovesong
40.9%
Stuck on You
40.3%
Angel
36.9%

You're not logged in!

Compare scores with friends on all Sporcle quizzes.
Join for Free
OR
Log In

You Might Also Like...

Show Comments

Extras

Top Quizzes Today


Score Distribution

Your Account Isn't Verified!

In order to create a playlist on Sporcle, you need to verify the email address you used during registration. Go to your Sporcle Settings to finish the process.

Report this User

Report this user for behavior that violates our Community Guidelines.

Details: